अक्षर अक्षर बनवी साक्षर (Record no. 393784)

MARC details
000 -LEADER
fixed length control field 00509nam a2200157Ia 4500
008 - FIXED-LENGTH DATA ELEMENTS--GENERAL INFORMATION
fixed length control field 100122s9999 xx 000 0 und d
082 ## - DEWEY DECIMAL CLASSIFICATION NUMBER
Item number 76894
Classification number BM822
100 ## - MAIN ENTRY--PERSONAL NAME
Personal name नाटेकर सुनिल
245 ## - TITLE STATEMENT
Title अक्षर अक्षर बनवी साक्षर
250 ## - EDITION STATEMENT
Edition statement 1
260 ## - PUBLICATION, DISTRIBUTION, ETC. (IMPRINT)
Date of publication, distribution, etc 2008
300 ## - PHYSICAL DESCRIPTION
Extent 32
630 ## - SUBJECT ADDED ENTRY--UNIFORM TITLE
Uniform title अक्षर अक्षर बनवी साक्षर
730 ## - ADDED ENTRY--UNIFORM TITLE
Uniform title अक्षर अक्षर बनवी साक्षर
942 ## - ADDED ENTRY ELEMENTS (KOHA)
Koha item type Book

No items available.